[Event "elllobregat Open-A 2019"]
[Site "El Prat de Llobregat"]
[Date "2019.12.04"]
[Round "2.16"]
[White "Karthik Venkataraman"]
[Black "Verstraeten, Rein"]
[Result "0-1"]
[WhiteElo "2470"]
[BlackElo "2365"]
[Annotator "ChessBase"]
[PlyCount "82"]
[EventDate "2019.12.03"]
[EventType "swiss"]
[EventCountry "ESP"]
[SourceTitle "playchess.com"]
[Source "ChessBase"]
[SourceQuality "1"]
[TimeControl "40/5400+30:1800+30"]

1. Nc3 {[%emt 0:00:00]} c5 {[%emt 0:01:04]} 2. Nf3 {[%emt 0:00:00]} a6 3. e4 d6 {[%emt 0:00:54]} 4. d4 {[%emt 0:03:19]} cxd4 {[%emt 0:00:04]} 5. Nxd4 {[%emt 0:00:03]} Nf6 {[%emt 0:00:05]} 6. Bd3 {[%emt 0:00:02]} e5 {[%emt 0:01:15]} 7. Nde2 Be7 {[%emt 0:06:55]} 8. O-O {[%emt 0:00:46]} O-O {[%emt 0:00:11]} 9. Ng3 {[%emt 0:14:18]} b5 10. f4 Nbd7 {[%emt 0:21:09]} 11. Nf5 {[%emt 0:04:01]} Bb7 {[%emt 0:02:01]} 12. Qf3 {[%emt 0:04:25]} b4 {[%emt 0:10:05]} 13. Ne2 {[%emt 0:15:24]} d5 {[%emt 0:02:00]} 14. exd5 Bc5+ 15. Kh1 {[%emt 0:03:07]} e4 {[%emt 0:00:45]} 16. Bxe4 {[%emt 0:02:01]} Nxe4 {[%emt 0:00:15]} 17. Qxe4 {[%emt 0:00:05]} Nf6 {[%emt 0:04:25]} 18. Qd3 {[%emt 0:01:13]} Bxd5 {[%emt 0:05:38]} 19. Be3 {[%emt 0:02:58]} Qc7 {[%emt 0:08:09]} 20. Neg3 {[%emt 0:11:56]} Rfd8 21. Qe2 {[%emt 0:00:39]} Re8 {[%emt 0:00:44]} 22. Qd2 Rad8 {[%emt 0:04:54]} 23. Bxc5 {[%emt 0:04:12]} Qxc5 {[%emt 0:02:16]} 24. Rad1 {[%emt 0:14:11]} g6 {[%emt 0:00:57]} 25. Nd4 {[%emt 0:06:50]} Ng4 {[%emt 0:00:18]} 26. Rfe1 {[%emt 0:06:03]} Rxe1+ 27. Rxe1 {[%emt 0:00:53]} Bxg2+ {[%emt 0:01:57]} 28. Qxg2 {[%emt 0:00:19]} Qxd4 {[%emt 0:02:25]} 29. Qf3 {[%emt 0:00:07]} Nf6 {[%emt 0:04:59]} 30. c3 bxc3 31. Qxc3 {[%emt 0:02:52]} Qxc3 {[%emt 0:02:00]} 32. bxc3 {[%emt 0:01:21]} Rd2 33. Re2 Rd1+ {[%emt 0:03:14]} 34. Kg2 {[%emt 0:00:32]} Rc1 {[%emt 0:00:11]} 35. Rd2 {[%emt 0:02:50]} Rxc3 36. f5 Kg7 {[%emt 0:06:00]} 37. Ne2 {[%emt 0:02:32]} Ra3 {[%emt 0:00:20]} 38. Ng3 {[%emt 0:00:04]} g5 39. Ne2 {[%emt 0:01:18]} Ra5 {[%emt 0:08:06]} 40. Ng3 {[%emt 0:00:00]} h5 {[%emt 0:00:00]} 41. Rf2 {[%emt 0:01:12]} h4 {[%emt 0:01:43]} 0-1

[Event "elllobregat Open-A 2019"]
[Site "El Prat de Llobregat"]
[Date "2019.12.05"]
[Round "3.1"]
[White "Narayanan.S.L"]
[Black "Parvanyan, Ashot"]
[Result "1-0"]
[WhiteElo "2626"]
[BlackElo "2456"]
[Annotator "TA"]
[PlyCount "63"]
[EventDate "2019.12.03"]
[EventType "swiss"]
[EventCountry "ESP"]
[SourceTitle "playchess.com"]
[Source "ChessBase"]
[SourceQuality "1"]

{[%evp 16,63,26,0,35,33,46,47,57,57,59,66,81,54,112,100,102,107,99,100,145,120,173,170,244,249,239,226,243,240,269,241,422,423,415,417,594,597,607,586,701,701,993,890,1293,1445,1452,1395,1957,1181]} 1. d4 Nf6 2. c4 g6 3. Nc3 Bg7 4. e4 d6 5. h3 O-O 6. Be3 c5 7. d5 e6 8. Nf3 exd5 9. cxd5 b5 {[#] White must now prevent ...b4. A70: Modern Benoni: 6 e4 g6 7 Nf3} (9... Re8 $5 {[%cal Rf6e4]}) 10. e5 dxe5 11. Bxb5 Nbd7 {White is slightly better.} 12. O-O Rb8 13. Re1 $146 ({Predecessor:} 13. Rb1 Qa5 14. a4 a6 15. Bc6 e4 16. Nd2 Ne5 17. Bf4 Nxc6 {1-0 (58) Del Rio de Angelis,S (2488)-Ivanisevic,I (2618) Barcelona 2019}) 13... Ne4 14. Bc6 Nd6 ({Better is} 14... Nxc3 $14 15. bxc3 e4) 15. Bxd7 $16 Qxd7 16. Bxc5 Re8 17. b4 {[%cal Bb2b4,Bb4b5,Bb5b6][%mdl 32]} Ba6 18. Rc1 Rbd8 (18... e4 $16) 19. a4 $18 h5 (19... e4 $142) 20. b5 Bc8 21. b6 a5 22. Qb3 Bb7 23. Nd2 Rc8 $2 {[#]} (23... e4 24. Bxd6 Qxd6) 24. Bxd6 Qxd6 25. Nde4 Qb4 (25... Qd8 $142 26. Qb5 Rb8 27. Qxa5 Ba8) 26. Qxb4 {White is clearly winning.} axb4 27. Nb5 Rxc1 28. Rxc1 Ra8 29. Nc5 Rb8 30. Nxb7 Rxb7 31. a5 Bf8 32. d6 {Accuracy: White = 98%, Black = 11%.} 1-0

[Event "elllobregat Open-A 2019"]
[Site "El Prat de Llobregat"]
[Date "2019.12.05"]
[Round "3.2"]
[White "Zanan, Evgeny"]
[Black "Karthikeyan, Murali"]
[Result "1/2-1/2"]
[WhiteElo "2493"]
[BlackElo "2611"]
[Annotator "TA"]
[PlyCount "48"]
[EventDate "2019.12.03"]
[EventType "swiss"]
[EventCountry "ESP"]
[SourceTitle "playchess.com"]
[Source "ChessBase"]
[SourceQuality "1"]

{[%evp 14,48,57,39,45,48,52,12,33,25,38,23,35,26,55,10,10,10,10,6,6,6,7,6,4,6,7,3,3,0,0,0,0,0,0,0,0]} 1. e4 c5 2. Nf3 e6 3. d4 cxd4 4. Nxd4 a6 5. c4 Nf6 6. Nc3 Qc7 7. Be2 b6 8. O-O Bb7 {B41: Sicilian: Kan Variation: 5 c4} 9. f3 Nc6 {[#] And now ...Nxd4 would win.} 10. Be3 (10. Nb3 {looks sharper.} Bb4 11. Be3 d6 12. Qd2 O-O 13. Rad1) 10... Nxd4 11. Qxd4 Bc5 12. Qd3 O-O 13. Rfd1 {[#]} d5 $146 ({Predecessor:} 13... Bc6 14. Rac1 Rfd8 15. Bxc5 bxc5 16. Qe3 {1-0 (45) Ter Sahakyan,S (2577)-Korobov,A (2668) Abu Dhabi 2017}) 14. cxd5 (14. exd5 {seems wilder.} exd5 15. Bxc5 Qxc5+ 16. Qd4 Qxd4+ 17. Rxd4 dxc4 18. a4) 14... exd5 {The position is equal.} 15. exd5 Nxd5 16. Nxd5 Bxd5 17. Bxc5 Qxc5+ 18. Qd4 Qxd4+ 19. Rxd4 Be6 20. Rd6 b5 21. a4 bxa4 22. Rxa4 a5 23. b4 axb4 24. Rxb4 g6 {Accuracy: White = 78%, Black = 72%.} 1/2-1/2

[Event "elllobregat Open-A 2019"]
[Site "El Prat de Llobregat"]
[Date "2019.12.05"]
[Round "3.3"]
[White "Gagare, Shardul"]
[Black "Alonso Rosell, Alvar"]
[Result "0-1"]
[WhiteElo "2468"]
[BlackElo "2548"]
[Annotator "ChessBase"]
[PlyCount "76"]
[EventDate "2019.12.03"]
[EventType "swiss"]
[EventCountry "ESP"]
[SourceTitle "playchess.com"]
[Source "ChessBase"]
[SourceQuality "1"]
[TimeControl "40/5400+30:1800+30"]

1. Nf3 {[%emt 0:00:00]} c5 {[%emt 0:15:56]} 2. c4 {[%emt 0:00:00]} Nc6 {[%emt 0:00:06]} 3. g3 {[%emt 0:00:49]} g6 {[%emt 0:00:05]} 4. Bg2 {[%emt 0:00:04]} Bg7 {[%emt 0:00:03]} 5. Nc3 {[%emt 0:00:31]} e5 {[%emt 0:00:07]} 6. O-O {[%emt 0:01:16]} d6 {[%emt 0:04:13]} 7. a3 {[%emt 0:00:58]} Nge7 {[%emt 0:06:44]} 8. Rb1 {[%emt 0:00:19]} O-O {[%emt 0:00:59]} 9. d3 {[%emt 0:02:02]} a5 {[%emt 0:03:12]} 10. Ne1 {[%emt 0:02:17]} Be6 {[%emt 0:00:32]} 11. Nc2 {[%emt 0:01:23]} d5 {[%emt 0:00:40]} 12. cxd5 {[%emt 0:00:08]} Nxd5 13. Ne3 {[%emt 0:00:08]} Nde7 {[%emt 0:00:10]} 14. Nc4 {[%emt 0:00:35]} Rb8 {[%emt 0:00:04]} 15. Bg5 {[%emt 0:16:35]} f6 {[%emt 0:08:16]} 16. Be3 {[%emt 0:00:52]} b6 {[%emt 0:00:07]} 17. Qa4 {[%emt 0:08:24]} Nd4 {[%emt 0:19:04]} 18. Bxd4 {[%emt 0:01:30]} exd4 {[%emt 0:02:53]} 19. Nb5 {[%emt 0:00:07]} Nd5 {[%emt 0:04:02]} 20. Qd1 {[%emt 0:31:52]} Qd7 {[%emt 0:02:43]} 21. a4 {[%emt 0:03:24]} f5 {[%emt 0:01:03]} 22. Qd2 f4 {[%emt 0:06:51]} 23. Ncd6 {[%emt 0:03:37]} h5 {[%emt 0:01:24]} 24. Ne4 {[%emt 0:00:58]} Bh6 {[%emt 0:01:14]} 25. Qc2 {[%emt 0:05:29]} fxg3 {[%emt 0:04:09]} 26. hxg3 {[%emt 0:00:13]} h4 {[%emt 0:00:48]} 27. Na3 {[%emt 0:09:16]} hxg3 28. Nc4 {[%emt 0:03:31]} gxf2+ {[%emt 0:06:34]} 29. Rxf2 {[%emt 0:00:10]} Ne3 30. Nxe3 {[%emt 0:06:43]} Bxe3 {[%emt 0:01:20]} 31. Rbf1 g5 {[%emt 0:03:06]} 32. Bh1 {[%emt 0:02:16]} Bd5 {[%emt 0:03:34]} 33. Bf3 g4 {[%emt 0:02:56]} 34. Kh1 {[%emt 0:00:59]} Bxf2 {[%emt 0:00:51]} 35. Rxf2 {[%emt 0:00:08]} gxf3 {[%emt 0:00:28]} 36. exf3 {[%emt 0:00:09]} Qh3+ {[%emt 0:00:30]} 37. Kg1 {[%emt 0:00:04]} Bxe4 {[%emt 0:00:24]} 38. Rg2+ {[%emt 0:01:03]} Kh8 {[%emt 0:00:25]} 0-1

[Event "elllobregat Open-A 2019"]
[Site "El Prat de Llobregat"]
[Date "2019.12.05"]
[Round "3.4"]
[White "Kjartansson, Gudmundur"]
[Black "Gukesh D"]
[Result "1-0"]
[WhiteElo "2448"]
[BlackElo "2547"]
[Annotator "ChessBase"]
[PlyCount "61"]
[EventDate "2019.12.03"]
[EventType "swiss"]
[EventCountry "ESP"]
[SourceTitle "playchess.com"]
[Source "ChessBase"]
[SourceQuality "1"]
[TimeControl "40/5400+30:1800+30"]

1. e4 {[%emt 0:00:00]} c5 {[%emt 0:00:15]} 2. Nf3 {[%emt 0:00:00]} Nc6 {[%emt 0:00:52]} 3. d4 {[%emt 0:00:04]} cxd4 {[%emt 0:00:09]} 4. Nxd4 {[%emt 0:00:04]} e6 {[%emt 0:03:55]} 5. Nc3 {[%emt 0:00:13]} a6 {[%emt 0:01:30]} 6. Nxc6 {[%emt 0:00:29]} bxc6 {[%emt 0:00:12]} 7. Bd3 e5 {[%emt 0:08:26]} 8. O-O {[%emt 0:01:27]} Bc5 {[%emt 0:04:15]} 9. Kh1 {[%emt 0:03:16]} Nf6 {[%emt 0:20:31]} 10. f4 d6 {[%emt 0:19:58]} 11. Qe1 {[%emt 0:28:12]} Ng4 12. h3 {[%emt 0:18:32]} h5 {[%emt 0:01:01]} 13. fxe5 Nxe5 14. Qg3 {[%emt 0:06:35]} Bg4 {[%emt 0:01:54]} 15. Be3 {[%emt 0:04:07]} h4 16. Qf2 {[%emt 0:00:44]} Bxe3 {[%emt 0:05:47]} 17. Qxe3 {[%emt 0:00:06]} Be6 {[%emt 0:04:30]} 18. Ne2 {[%emt 0:00:16]} O-O {[%emt 0:01:01]} 19. Nd4 {[%emt 0:00:51]} Qe7 {[%emt 0:05:50]} 20. Nf3 a5 21. Qd4 {[%emt 0:12:08]} c5 {[%emt 0:05:41]} 22. Qc3 {[%emt 0:01:25]} Nxf3 23. Rxf3 {[%emt 0:00:10]} Rfb8 {[%emt 0:04:01]} 24. b3 f6 25. Raf1 {[%emt 0:12:30]} Bf7 {[%emt 0:09:15]} 26. Qe1 {[%emt 0:01:20]} c4 27. bxc4 Rc8 {[%emt 0:03:50]} 28. Qxh4 {[%emt 0:00:46]} Bxc4 29. e5 {[%emt 0:00:12]} Bxd3 {[%emt 0:00:52]} 30. exf6 {[%emt 0:00:12]} Rc4 {[%emt 0:00:41]} 31. fxe7 1-0

[Event "elllobregat Open-A 2019"]
[Site "El Prat de Llobregat"]
[Date "2019.12.05"]
[Round "3.5"]
[White "Low, Zhen Yu Cyrus"]
[Black "Erigaisi Arjun"]
[Result "0-1"]
[WhiteElo "2420"]
[BlackElo "2544"]
[Annotator "ChessBase"]
[PlyCount "86"]
[EventDate "2019.12.03"]
[EventType "swiss"]
[EventCountry "ESP"]
[SourceTitle "playchess.com"]
[Source "ChessBase"]
[SourceQuality "1"]
[TimeControl "40/5400+30:1800+30"]

1. e4 {[%emt 0:00:00]} e5 {[%emt 0:00:09]} 2. Nf3 {[%emt 0:00:00]} Nc6 {[%emt 0:00:06]} 3. Bc4 {[%emt 0:00:00]} Nf6 {[%emt 0:00:06]} 4. d3 {[%emt 0:00:00]} h6 5. O-O {[%emt 0:00:55]} d6 {[%emt 0:00:14]} 6. a4 {[%emt 0:01:30]} g5 {[%emt 0:00:21]} 7. Re1 {[%emt 0:06:09]} Bg7 {[%emt 0:00:12]} 8. c3 {[%emt 0:00:12]} O-O 9. h4 {[%emt 0:09:30]} gxh4 {[%emt 0:07:16]} 10. Nxh4 {[%emt 0:10:09]} Bg4 {[%emt 0:12:35]} 11. Nf3 {[%emt 0:04:30]} Nh7 {[%emt 0:03:12]} 12. Na3 {[%emt 0:08:15]} Kh8 {[%emt 0:00:33]} 13. Nc2 {[%emt 0:07:12]} f5 {[%emt 0:01:26]} 14. Be6 {[%emt 0:01:13]} Bxf3 {[%emt 0:09:46]} 15. gxf3 {[%emt 0:03:11]} fxe4 {[%emt 0:02:42]} 16. fxe4 {[%emt 0:11:44]} Qh4 {[%emt 0:28:35]} 17. Bf5 {[%emt 0:06:53]} Bf6 {[%emt 0:02:56]} 18. Qf3 {[%emt 0:06:01]} Ne7 19. Ne3 {[%emt 0:00:27]} Rg8+ {[%emt 0:02:09]} 20. Kf1 Ng5 21. Qg4 {[%emt 0:09:49]} Nxf5 {[%emt 0:03:02]} 22. exf5 {[%emt 0:00:03]} Nh3 {[%emt 0:00:00]} 23. Qxh4 {[%emt 0:01:29]} Bxh4 {[%emt 0:00:39]} 24. Nd1 {[%emt 0:03:25]} Kh7 {[%emt 0:01:07]} 25. Ke2 {[%emt 0:01:30]} Ng1+ {[%emt 0:04:14]} 26. Kf1 {[%emt 0:02:38]} Nf3 {[%emt 0:03:43]} 27. Re4 Raf8 {[%emt 0:00:18]} 28. Ne3 {[%emt 0:00:48]} d5 {[%emt 0:01:44]} 29. Nxd5 {[%emt 0:01:32]} Rxf5 {[%emt 0:03:21]} 30. Ke2 Rg1 31. d4 {[%emt 0:02:39]} Re1+ {[%emt 0:01:02]} 32. Kd3 {[%emt 0:00:06]} exd4 33. Rxe1 {[%emt 0:03:29]} Nxe1+ {[%emt 0:00:12]} 34. Ke4 {[%emt 0:00:10]} Rxf2 {[%emt 0:00:54]} 35. Bf4 {[%emt 0:00:56]} c6 {[%emt 0:01:14]} 36. Nb4 {[%emt 0:00:55]} dxc3 37. bxc3 {[%emt 0:00:37]} a5 {[%emt 0:01:06]} 38. Rxe1 Rxf4+ {[%emt 0:00:11]} 39. Kxf4 {[%emt 0:00:38]} Bxe1 {[%emt 0:00:00]} 40. Na2 {[%emt 0:00:00]} h5 {[%emt 0:00:00]} 41. c4 {[%emt 0:01:28]} Kg6 {[%emt 0:02:46]} 42. Ke4 Bd2 {[%emt 0:00:09]} 43. Kd3 {[%emt 0:00:38]} h4 0-1

[Event "elllobregat Open-A 2019"]
[Site "El Prat de Llobregat"]
[Date "2019.12.05"]
[Round "3.6"]
[White "Raja Rithvik R"]
[Black "Arizmendi Martinez, Julen Luis"]
[Result "1/2-1/2"]
[WhiteElo "2381"]
[BlackElo "2511"]
[Annotator "ChessBase"]
[PlyCount "41"]
[EventDate "2019.12.03"]
[EventType "swiss"]
[EventCountry "ESP"]
[SourceTitle "playchess.com"]
[Source "ChessBase"]
[SourceQuality "1"]
[TimeControl "40/5400+30:1800+30"]

1. d4 {[%emt 0:00:38]} Nf6 {[%emt 0:06:29]} 2. c4 {[%emt 0:00:22]} c5 {[%emt 0:00:16]} 3. d5 g6 4. Nc3 {[%emt 0:00:31]} Bg7 {[%emt 0:01:50]} 5. e4 d6 {[%emt 0:00:13]} 6. Bd3 {[%emt 0:03:17]} O-O 7. h3 {[%emt 0:05:45]} e6 {[%emt 0:01:49]} 8. Nf3 {[%emt 0:00:13]} Na6 9. O-O {[%emt 0:01:57]} Nc7 {[%emt 0:00:54]} 10. Re1 {[%emt 0:19:53]} Rb8 11. dxe6 {[%emt 0:01:41]} Nxe6 {[%emt 0:08:08]} 12. Be3 {[%emt 0:19:26]} a6 13. Qd2 {[%emt 0:00:34]} b5 {[%emt 0:28:57]} 14. cxb5 axb5 15. Nxb5 {[%emt 0:01:00]} Nxe4 {[%emt 0:00:25]} 16. Bxe4 {[%emt 0:00:06]} Rxb5 {[%emt 0:00:06]} 17. Rab1 c4 18. Nd4 {[%emt 0:08:14]} Bxd4 {[%emt 0:04:51]} 19. Bxd4 {[%emt 0:02:00]} d5 20. Bc2 {[%emt 0:00:07]} Nxd4 {[%emt 0:13:00]} 21. Qxd4 1/2-1/2

[Event "elllobregat Open-A 2019"]
[Site "El Prat de Llobregat"]
[Date "2019.12.05"]
[Round "3.7"]
[White "Verstraeten, Rein"]
[Black "Iniyan, P."]
[Result "0-1"]
[WhiteElo "2365"]
[BlackElo "2497"]
[Annotator "TA"]
[PlyCount "56"]
[EventDate "2019.12.03"]
[EventType "swiss"]
[EventCountry "ESP"]
[SourceTitle "playchess.com"]
[Source "ChessBase"]
[SourceQuality "1"]

{[%evp 15,56,11,16,19,24,3,20,8,18,20,22,-3,-14,-11,-2,0,-7,0,0,-11,-12,-231,-219,-279,-282,-360,-225,-217,-213,-215,-227,-222,-228,-266,-268,-375,-367,-418,-402,-408,-377,-371,-328]} 1. d4 Nf6 2. c4 e6 3. Nf3 b6 4. g3 Ba6 5. b3 d5 6. cxd5 exd5 7. Bg2 Bb4+ 8. Bd2 Bd6 9. O-O {E15: Queen's Indian: 4 g3 sidelines, 4 g3 Ba6 and 4 g3 Bb7 early deviations} (9. Nc3 O-O 10. O-O Re8 11. Rc1 Nbd7 12. Bf4 Qe7 13. Bxd6 Qxd6 14. Re1 c5 15. e3 Rac8 16. Rc2 h6 17. dxc5 Nxc5 18. Bf1 Bxf1 19. Kxf1 Nce4 20. Nxe4 Nxe4 21. Rxc8 Rxc8 22. Kg2 Rc5 23. Nd4 g6 24. Qd3 h5 {½-½ (24) Izoria,Z (2594)-Xiong,J (2674) Burlingame 2017}) 9... Nbd7 10. Nc3 O-O 11. Nh4 {The position is equal.} Re8 12. Re1 Bb7 13. Nb5 Bf8 14. Bf4 c6 $1 {[%cal Rc6b5]} 15. Nd6 Bxd6 $1 16. Bxd6 Ne4 17. Ba3 Qf6 $36 {[%mdl 2048] Black has the initiative.} 18. f3 $2 (18. Nf3 $11 {and White is okay.}) 18... Nc3 $19 19. Qd3 {[#]} Nxe2+ $1 {[%mdl 576] Double Attack} 20. Kf2 $146 (20. Rxe2 Rxe2) ({Predecessor:} 20. Kf1 Qxd4 {0-1 (20) Karlsson,A (2315)-Stefansson,H (2520) Reykjavik 1995}) 20... Qxd4+ 21. Qxd4 Nxd4 22. Bb2 Nc2 23. Rxe8+ Rxe8 24. Rd1 Ba6 {[#] White must now prevent ...Re2+.} 25. Nf5 g6 {Black is winning.} 26. Nh6+ Kf8 27. Rd2 Nc5 {...Nd3+ is the strong threat.} 28. g4 Ne3 {Accuracy: White = 45%, Black = 87%.} 0-1

[Event "elllobregat Open-A 2019"]
[Site "El Prat de Llobregat"]
[Date "2019.12.05"]
[Round "3.8"]
[White "Lagarde, Maxime"]
[Black "Baenziger, Fabian"]
[Result "1/2-1/2"]
[WhiteElo "2655"]
[BlackElo "2398"]
[Annotator "TA"]
[PlyCount "91"]
[EventDate "2019.12.03"]
[EventType "swiss"]
[EventCountry "ESP"]
[SourceTitle "playchess.com"]
[Source "ChessBase"]
[SourceQuality "1"]

{[%evp 9,91,14,31,27,39,31,10,24,27,26,10,-11,-13,0,0,-5,9,9,16,0,11,14,22,18,18,18,25,31,27,30,24,25,23,17,25,14,52,21,16,18,18,22,38,16,20,25,33,45,59,67,83,83,87,71,71,78,73,23,33,0,0,0,0,0,0,0,0,0,0,0,0,0,0,0,0,0,0,0,0,0,0,0,0,0]} 1. e4 c5 2. Nf3 d6 3. Bb5+ Nd7 4. Ba4 (4. c3 Ngf6 5. Bd3 e6 6. O-O b6 7. Bc2 Bb7 8. Re1 Be7 9. d4 O-O 10. Nbd2 cxd4 11. cxd4 Rc8 12. Nf1 d5 {0-1 (20) Vachier Lagrave,M (2774)-Wei,Y (2721) chess.com INT 2019}) 4... Ngf6 5. O-O a6 {[#] And now ...b5 would win.} 6. c4 {B51: Sicilian: Moscow Variation (3 Bb5+) without 3...Bd7} e6 7. Nc3 Be7 8. d4 cxd4 9. Qxd4 O-O 10. Bg5 $146 ({Predecessor:} 10. Rd1 Qc7 {1-0 (40) Mrkonjic,N (2379)-Budimir,B (2319) Tuzla 2006}) 10... Qc7 11. Rfd1 Rd8 12. Rac1 b6 13. Bxd7 Rxd7 14. Na4 Rb8 $1 15. h3 Bb7 16. Nxb6 Rdd8 17. Nd2 Nxe4 18. Nxe4 Bxe4 19. Bxe7 Qxe7 20. Qxe4 {Hoping for Na4.} Rxb6 21. Qd4 Rdb8 22. b3 Qf6 23. c5 Qxd4 24. Rxd4 dxc5 25. Rxc5 $11 {[%mdl 4096] Endgame KRR-KRR} g6 26. Kf1 R8b7 27. Ke2 Re7 28. f4 h5 29. Kd3 Kg7 {[#]} 30. b4 $1 f6 31. a4 e5 32. fxe5 fxe5 33. Re4 (33. a5 $5 {[%cal Ra5b6]} Rf6 34. Rdc4 $16) 33... Kf6 34. g4 hxg4 {The position is equal.} 35. hxg4 Rd6+ 36. Kc4 Ree6 37. b5 axb5+ 38. axb5 Rd1 39. Rd5 Rc1+ 40. Kb3 Rf1 41. Kc2 Rf2+ 42. Kc3 Rf1 43. Kd2 Rf2+ 44. Ke3 Rb2 45. Rc4 Kg5 46. Ke4 {Accuracy: White = 60%, Black = 68%.} 1/2-1/2

[Event "elllobregat Open-A 2019"]
[Site "El Prat de Llobregat"]
[Date "2019.12.05"]
[Round "3.9"]
[White "Dominguez Pons, Eric"]
[Black "Bartel, Mateusz"]
[Result "0-1"]
[WhiteElo "2390"]
[BlackElo "2634"]
[Annotator "TA"]
[PlyCount "58"]
[EventDate "2019.12.03"]
[EventType "swiss"]
[EventCountry "ESP"]
[SourceTitle "playchess.com"]
[Source "ChessBase"]
[SourceQuality "1"]

{[%evp 25,58,-35,21,-8,21,0,4,0,18,0,0,-24,-25,-95,-91,-84,-90,-147,-143,-288,-301,-292,-296,-520,-505,-505,-504,-898,-900,-881,-875,-834,-823,-1123,-1117]} 1. e4 e6 2. d4 d5 3. Nc3 Nf6 4. e5 Nfd7 5. f4 c5 6. Nf3 Nc6 7. Be3 cxd4 8. Nxd4 Bc5 9. Qd2 O-O 10. O-O-O a6 11. h4 Nxd4 12. Bxd4 b5 13. Rh3 Bb7 (13... b4 $15 14. Ne2 a5) 14. h5 {[#] C11: French: Classical System: 4 e5 and 4 Bg5 dxe4} Rc8 $146 ({Predecessor:} 14... b4 15. Ne2 a5 16. Rg3 Qh4 17. Qe3 Rac8 18. f5 Kh8 19. Nf4 Bxd4 20. Rxd4 Qe7 21. Bd3 exf5 22. Bxf5 {½-½ (33) Aaron,D (2322)-Shimanov,A (2650) Las Vegas 2013}) 15. Rg3 Bxd4 16. Qxd4 {The position is equal.} f5 17. a4 bxa4 18. Nxa4 Bc6 19. Ra3 {[#]} (19. h6 $11 {keeps the balance.} g6 20. Rc3) 19... Bxa4 $1 $17 20. Qxa4 Nc5 $36 {[%mdl 2048] Black has strong initiative.} 21. Qb4 {[#]} (21. Qd4 $142) 21... a5 $1 {[%cal Ba6a5,Ba5a4][%mdl 544]} 22. Qb5 {[#]} (22. Qc3 $17) (22. Rxa5 Qxa5) 22... Rf7 $1 $19 23. Kb1 a4 24. Rd4 $2 (24. Qb4 Rb7 25. Qd4) 24... Rb7 {Black is clearly winning.} 25. Qe2 Rcb8 ({Less strong is} 25... Qb6 26. c3 $17) 26. c4 (26. c3 $142 Rxb2+ 27. Qxb2 Rxb2+ 28. Kxb2) 26... Rxb2+ 27. Qxb2 Rxb2+ 28. Kxb2 Qb6+ 29. Kc2 Qb4 {Accuracy: White = 16%, Black = 74%.} 0-1

[Event "elllobregat Open-A 2019"]
[Site "El Prat de Llobregat"]
[Date "2019.12.05"]
[Round "3.10"]
[White "Puranik, Abhimanyu"]
[Black "Mascaro March, Pedro"]
[Result "1-0"]
[WhiteElo "2580"]
[BlackElo "2381"]
[Annotator "ChessBase"]
[PlyCount "51"]
[EventDate "2019.12.03"]
[EventType "swiss"]
[EventCountry "ESP"]
[SourceTitle "playchess.com"]
[Source "ChessBase"]
[SourceQuality "1"]
[TimeControl "40/5400+30:1800+30"]

1. e4 {[%emt 0:00:00]} c6 {[%emt 0:04:01]} 2. d4 {[%emt 0:00:02]} d5 {[%emt 0:00:06]} 3. Nd2 {[%emt 0:00:04]} dxe4 {[%emt 0:00:04]} 4. Nxe4 {[%emt 0:00:03]} Bf5 {[%emt 0:02:13]} 5. Ng3 {[%emt 0:00:08]} Bg6 {[%emt 0:00:03]} 6. h4 {[%emt 0:00:40]} h6 {[%emt 0:00:09]} 7. Nf3 {[%emt 0:00:06]} Nd7 {[%emt 0:00:14]} 8. h5 Bh7 {[%emt 0:00:04]} 9. Bd3 {[%emt 0:00:29]} Bxd3 {[%emt 0:00:05]} 10. Qxd3 {[%emt 0:00:03]} e6 {[%emt 0:00:24]} 11. Bd2 {[%emt 0:00:44]} Ngf6 {[%emt 0:01:42]} 12. O-O-O {[%emt 0:00:26]} Qc7 {[%emt 0:01:09]} 13. Ne4 {[%emt 0:04:42]} O-O-O {[%emt 0:03:56]} 14. g3 {[%emt 0:10:11]} Nxe4 {[%emt 0:00:28]} 15. Qxe4 {[%emt 0:00:04]} Nf6 {[%emt 0:00:50]} 16. Qe2 {[%emt 0:00:05]} Bd6 {[%emt 0:01:24]} 17. c4 {[%emt 0:03:47]} c5 {[%emt 0:06:45]} 18. Bc3 {[%emt 0:00:11]} Rhe8 {[%emt 0:09:41]} 19. Kb1 {[%emt 0:07:42]} Qc6 {[%emt 0:15:31]} 20. Rh4 {[%emt 0:02:56]} Qc7 {[%emt 0:11:43]} 21. Rc1 {[%emt 0:05:57]} Kb8 {[%emt 0:03:14]} 22. dxc5 Qxc5 {[%emt 0:14:59]} 23. Ne5 {[%emt 0:01:25]} Qc7 24. c5 {[%emt 0:05:55]} Bf8 {[%emt 0:09:28]} 25. c6 {[%emt 0:02:44]} b6 {[%emt 0:02:13]} 26. Nxf7 {[%emt 0:00:40]} 1-0

[Event "elllobregat Open-A 2019"]
[Site "El Prat de Llobregat"]
[Date "2019.12.05"]
[Round "3.11"]
[White "Harsha Bharathakoti"]
[Black "Sankalp Gupta"]
[Result "1/2-1/2"]
[WhiteElo "2523"]
[BlackElo "2365"]
[Annotator "ChessBase"]
[PlyCount "21"]
[EventDate "2019.12.03"]
[EventType "swiss"]
[EventCountry "ESP"]
[SourceTitle "playchess.com"]
[Source "ChessBase"]
[SourceQuality "1"]
[TimeControl "40/5400+30:1800+30"]

1. e4 {[%emt 0:00:10]} c5 {[%emt 0:00:00]} 2. Nf3 {[%emt 0:00:34]} Nc6 {[%emt 0:01:54]} 3. Nc3 {[%emt 0:01:22]} g6 {[%emt 0:02:52]} 4. d4 {[%emt 0:04:24]} cxd4 {[%emt 0:00:03]} 5. Nxd4 {[%emt 0:00:08]} Bg7 {[%emt 0:00:05]} 6. Be3 {[%emt 0:00:21]} Nf6 {[%emt 0:00:10]} 7. f3 {[%emt 0:05:02]} O-O {[%emt 0:01:02]} 8. Qd2 {[%emt 0:01:16]} d5 {[%emt 0:02:16]} 9. O-O-O {[%emt 0:09:45]} Nxd4 {[%emt 0:05:40]} 10. Bxd4 {[%emt 0:14:01]} dxe4 {[%emt 0:00:17]} 11. Nxe4 {[%emt 0:28:38]} 1/2-1/2